Hindu Nationalism in India: V3: Ideological Corollaries (Record no. 21185)

MARC details
000 -LEADER
fixed length control field 00354nam a22001337a 4500
020 ## - INTERNATIONAL STANDARD BOOK NUMBER
ISBN 8176290742
082 ## - DEWEY DECIMAL CLASSIFICATION NUMBER
Classification number 320.550917645 PAT V3
100 ## - MAIN ENTRY--AUTHOR NAME
Author name Pattanaik, D.D.
245 ## - TITLE STATEMENT
Title Hindu Nationalism in India: V3: Ideological Corollaries
260 ## - PUBLICATION, DISTRIBUTION, ETC. (IMPRINT)
Place of publication New Delhi
Name of publisher Deep & Deep Publications
Year of publication 1998
300 ## - PHYSICAL DESCRIPTION
Number of Pages 174
650 ## - SUBJECT ADDED ENTRY--TOPICAL TERM
Topical Term Nationalism-Hindu
942 ## - ADDED ENTRY ELEMENTS (KOHA)
Koha item type Books
Holdings
Collection code Home library Current library Shelving location Date acquired Cost, normal purchase price Full call number Accession Number Koha item type
Reference Henry Martyn Institute Library Henry Martyn Institute Library Reference 07/13/2018 1250.00 320.550917645 PAT V3 18156 Books
                   Copyright © 2026 | Henry Martyn Institute | Hyderabad | TS-500052 | INDIA | Implemented by hmi.edu.in
Hit-Count:

Powered by Koha